Relatos psicoanalíticos de la vida real: la hora de 50 minutos
Uloženo v:
| Hlavní autor: | |
|---|---|
| Médium: | Kniha |
| Jazyk: | španělština |
| Vydáno: |
Buenos Aires
Hormé
1964
|
| Edice: | Psicología de Hoy, 5
|
| Témata: | |
| Tagy: |
Přidat tag
Žádné tagy, Buďte první, kdo vytvoří štítek k tomuto záznamu!
|
MARC
| LEADER | 00000nam a2200000 a 4500 | ||
|---|---|---|---|
| 001 | UCT6198 | ||
| 003 | CL-VaPUC | ||
| 008 | 970106e19640000AG |||||||||||||||||spa|d | ||
| 082 | 0 | 4 | |a 150.195 |b LIN |2 21 |
| 100 | |a Lindner, Robert |e autor |9 376094 | ||
| 245 | 1 | 0 | |a Relatos psicoanalíticos de la vida real: la hora de 50 minutos |
| 300 | |a 366 p | ||
| 942 | |c BK | ||
| 945 | |d 19970106 00:00:00 |a paguirre | ||
| 260 | |a Buenos Aires |b Hormé |c 1964 | ||
| 650 | 0 | |a Psicología |9 257863 | |
| 650 | 0 | |a Psicoanálisis |9 265702 | |
| 650 | 7 | |a CONSCIENCIA |2 CL-VaPUC |9 376095 | |
| 650 | 0 | |a Subconsciente |9 334259 | |
| 650 | 0 | |a Sueño |9 334635 | |
| 583 | |a last modification |c 19970106 00:00:00 |k Rodrigo Vera | ||
| 490 | 0 | |a Psicología de Hoy, 5 | |
| 999 | |c 254914 |d 254912 | ||
| 952 | |0 0 |1 0 |4 0 |6 150_195000000000000_LIN_1964 |7 0 |8 A |9 276889 |a BIBDER |b BIBDER |d 2019-11-19 |i 1800361 |o 150.195 LIN 1964 |p 1800361 |r 2023-01-25 |w 2019-11-19 |y BK |k DER | ||